The Cartoonists Club / (Record no. 49530)
| 000 -LEADER | |
|---|---|
| fixed length control field | 01015nam a2200157 4500 |
| 020 ## - INTERNATIONAL STANDARD BOOK NUMBER | |
| International Standard Book Number | 9781338777215 |
| 100 ## - MAIN ENTRY--PERSONAL NAME | |
| Personal name | Telgemeier, Raina, |
| Relator term | author. |
| 245 ## - TITLE STATEMENT | |
| Title | The Cartoonists Club / |
| Statement of responsibility, etc | by Raina Telgemeier and Scott McCloud. |
| 260 ## - PUBLICATION, DISTRIBUTION, ETC. (IMPRINT) | |
| Place of publication, distribution, etc | New York ; |
| Name of publisher, distributor, etc | Graphix : |
| Date of publication, distribution, etc | April 1, 2025. |
| 300 ## - PHYSICAL DESCRIPTION | |
| Extent | 288 pages. |
| Dimensions | 5.5 x 0.75 x 8 inches. |
| 500 ## - GENERAL NOTE | |
| General note | Makayla is bursting with ideas but doesn't know how to make them into a story. Howard loves to draw, but he struggles to come up with ideas and his dad thinks comics are a waste of time. Lynda constantly draws in her sketchbook but keeps focusing on what she feels are mistakes, and Art simply loves being creative and is excited to try something new. They come together to form The Cartoonists Club, where kids can learn about making comics and use their creativity and imagination for their own storytelling adventures!<br/> |
| 650 ## - SUBJECT ADDED ENTRY--TOPICAL TERM | |
| 9 (RLIN) | 79592 |
| Topical term or geographic name as entry element | Friendship. |
| 650 ## - SUBJECT ADDED ENTRY--TOPICAL TERM | |
| 9 (RLIN) | 79996 |
| Topical term or geographic name as entry element | Clubs |
| Form subdivision | Cartoons and comics. |
| 650 ## - SUBJECT ADDED ENTRY--TOPICAL TERM | |
| 9 (RLIN) | 49597 |
| Topical term or geographic name as entry element | Drawing |
| Form subdivision | Juvenile fiction. |
| 942 ## - ADDED ENTRY ELEMENTS (KOHA) | |
| Source of classification or shelving scheme | |
| Koha item type | Book |
| Withdrawn status | Lost status | Source of classification or shelving scheme | Damaged status | Not for loan | Home library | Current library | Date acquired | Total Checkouts | Full call number | Barcode | Date last seen | Date checked out | Price effective from | Koha item type |
|---|---|---|---|---|---|---|---|---|---|---|---|---|---|---|
| Logos International School | Logos International School | 09/08/2025 | 8 | GRAPHIX TEL | 042975 | 04/23/2026 | 04/20/2026 | 09/08/2025 | Book |